Sayf al-Dawlah wa-ʻaṣr al-Ḥamdānīyīn /

محفوظ في:

المؤلف الرئيسي: Kayyālī, Sāmī (مؤلف)

التنسيق: كتاب

اللغة: Arabic

منشور في: Miṣr : Dār al-Maʻārif, 1959.

سلاسل: Maktabat al-dirāsāt al-tārīkhīyah.

الموضوعات:

الوسوم: إضافة وسم

لا توجد وسوم, كن أول من يضع وسما على هذه التسجيلة!

رقم الطلب: DS97 .K38 1959

LEADER 01366nam a2200301Ia 4500
003 OSt
005 20230404095302.0
008 130303s1959 ua g b 000 0 ara d
952 |0 0  |1 0  |2 lcc  |4 0  |6 DS0097 K38 01959  |7 1  |9 45935  |a ARCE  |b ARCE  |d 2023-04-04  |l 0  |o DS97 .K38 1959  |p 1027238  |r 2023-04-04 00:00:00  |w 2023-04-04  |y BK 
952 |0 0  |1 0  |2 lcc  |4 0  |6 DS0097 K38 01939  |7 1  |9 63792  |a ARCE  |b ARCE  |d 2024-03-03  |l 0  |o DS97 .K38 1939  |p 1027239  |r 2024-03-03 00:00:00  |w 2024-03-03  |y BK 
999 |c 27774  |d 27774 
040 |c ARCE Library 
043 |a a-sy--- 
050 4 |a DS97 .K38 1959 
100 1 |6 880-01  |a Kayyālī, Sāmī,  |e author  |9 33678 
245 1 0 |6 880-02  |a Sayf al-Dawlah wa-ʻaṣr al-Ḥamdānīyīn /  |c bi-qalam Sāmī al-Kayyālī. 
264 1 |a Miṣr :  |b Dār al-Maʻārif,  |c 1959. 
300 |a 235 pages ;  |c 24 cm. 
490 0 |a Maktabat al-dirāsāt al-tārīkhīyah. 
500 |a Library has also 1939 ed. 
504 |a Includes bibliographical references (p. 228-229) 
600 1 0 |a Sayf al-Dawlah al-Ḥamdānī, ʻAlī ibn ʻAbd Allāh,  |d 916-967. 
650 0 |a Hamdanids.  |9 4186 
651 0 |a Syria  |x History  |y 750-1260. 
880 1 |6 100-01/(3/r  |a كيالي، سامي 
880 1 0 |6 245-02/(3/r  |a سيف الدولة و عصر الحمدانيين   |c بقلم سامي الكيالي.‪‪‪‪‪‪‪‪‪‪‪‪‪‪‪‪‪ 
901 |a reviewed 
942 |c BK  |2 lcc